<?xml version="1.0" encoding="UTF-8"?>
<record
    xmlns:xsi="http://www.w3.org/2001/XMLSchema-instance"
    xsi:schemaLocation="http://www.loc.gov/MARC21/slim http://www.loc.gov/standards/marcxml/schema/MARC21slim.xsd"
    xmlns="http://www.loc.gov/MARC21/slim">

  <leader>01728cam a2200349 a 4500</leader>
  <controlfield tag="001">14533821</controlfield>
  <controlfield tag="003">MKLZXCBG</controlfield>
  <controlfield tag="005">20220326193253.0</controlfield>
  <controlfield tag="008">060905s2008    nyu      b    000 0 eng  </controlfield>
  <datafield tag="010" ind1=" " ind2=" ">
    <subfield code="a">  2006049607</subfield>
  </datafield>
  <datafield tag="020" ind1=" " ind2=" ">
    <subfield code="a">9780802143006 (pbk.)</subfield>
  </datafield>
  <datafield tag="020" ind1=" " ind2=" ">
    <subfield code="a">0802143008 (pbk.)</subfield>
  </datafield>
  <datafield tag="035" ind1=" " ind2=" ">
    <subfield code="a">(OCoLC)ocm71286732</subfield>
  </datafield>
  <datafield tag="040" ind1=" " ind2=" ">
    <subfield code="a">DLC</subfield>
    <subfield code="c">DLC</subfield>
    <subfield code="d">BAKER</subfield>
    <subfield code="d">BTCTA</subfield>
    <subfield code="d">YDXCP</subfield>
    <subfield code="d">C#P</subfield>
    <subfield code="d">BWX</subfield>
    <subfield code="d">VP@</subfield>
    <subfield code="d">ZLM</subfield>
    <subfield code="d">DLC</subfield>
  </datafield>
  <datafield tag="041" ind1="1" ind2=" ">
    <subfield code="a">eng</subfield>
    <subfield code="h">fre</subfield>
  </datafield>
  <datafield tag="050" ind1="0" ind2="0">
    <subfield code="a">GN645</subfield>
    <subfield code="b">.F313 2008</subfield>
  </datafield>
  <datafield tag="082" ind1="0" ind2="0">
    <subfield code="a">944</subfield>
    <subfield code="b">F214b</subfield>
  </datafield>
  <datafield tag="100" ind1="1" ind2=" ">
    <subfield code="a">Fanon, Frantz,</subfield>
    <subfield code="d">1925-1961.</subfield>
    <subfield code="9">838</subfield>
  </datafield>
  <datafield tag="240" ind1="1" ind2="0">
    <subfield code="a">Peau noire, masques blancs.</subfield>
    <subfield code="l">English</subfield>
  </datafield>
  <datafield tag="245" ind1="1" ind2="0">
    <subfield code="a">Black skin, white masks /</subfield>
    <subfield code="c">Frantz Fanon ; translated from the French by Richard Philcox.</subfield>
  </datafield>
  <datafield tag="250" ind1=" " ind2=" ">
    <subfield code="a">1st ed., new ed.</subfield>
  </datafield>
  <datafield tag="260" ind1=" " ind2=" ">
    <subfield code="a">New York :</subfield>
    <subfield code="b">Grove Press ;</subfield>
    <subfield code="a">[Berkeley, Calif.] :</subfield>
    <subfield code="b">Distributed by Publishers Group West,</subfield>
    <subfield code="c">c2008.</subfield>
  </datafield>
  <datafield tag="300" ind1=" " ind2=" ">
    <subfield code="a">xviii, 206 p. ;</subfield>
    <subfield code="c">21 cm.</subfield>
  </datafield>
  <datafield tag="504" ind1=" " ind2=" ">
    <subfield code="a">Includes bibliographical references.</subfield>
  </datafield>
  <datafield tag="505" ind1="0" ind2=" ">
    <subfield code="a">The black man and language -- The woman of color and the white man -- The man of color and the white woman -- The so-called dependency complex of the colonized -- The lived experience of the black man -- The black man and the psychopathology -- The black man and recognition -- The black man and Adler -- The black man and Hegel.</subfield>
  </datafield>
  <datafield tag="650" ind1=" " ind2="0">
    <subfield code="a">Black race</subfield>
    <subfield code="x">Social conditions.</subfield>
    <subfield code="9">839</subfield>
  </datafield>
  <datafield tag="650" ind1=" " ind2="0">
    <subfield code="x">historia-colonial- europea</subfield>
    <subfield code="x">raza negra</subfield>
    <subfield code="x">condiciones sociales/psicologicas</subfield>
    <subfield code="9">840</subfield>
  </datafield>
  <datafield tag="650" ind1=" " ind2="0">
    <subfield code="a">Black race</subfield>
    <subfield code="x">Psychology.</subfield>
    <subfield code="9">841</subfield>
  </datafield>
  <datafield tag="856" ind1="4" ind2="2">
    <subfield code="3">Publisher description</subfield>
    <subfield code="u">http://www.loc.gov/catdir/enhancements/fy0712/2006049607-d.html</subfield>
  </datafield>
  <datafield tag="906" ind1=" " ind2=" ">
    <subfield code="a">7</subfield>
    <subfield code="b">cbc</subfield>
    <subfield code="c">orignew</subfield>
    <subfield code="d">1</subfield>
    <subfield code="e">ocip</subfield>
    <subfield code="f">20</subfield>
    <subfield code="g">y-gencatlg</subfield>
  </datafield>
  <datafield tag="999" ind1=" " ind2=" ">
    <subfield code="c">174</subfield>
    <subfield code="d">174</subfield>
  </datafield>
  <datafield tag="952" ind1=" " ind2=" ">
    <subfield code="0">0</subfield>
    <subfield code="1">0</subfield>
    <subfield code="2">ddc</subfield>
    <subfield code="4">0</subfield>
    <subfield code="7">0</subfield>
    <subfield code="a">LV</subfield>
    <subfield code="b">LV</subfield>
    <subfield code="c">Pensamiento</subfield>
    <subfield code="d">2014-05-26</subfield>
    <subfield code="l">0</subfield>
    <subfield code="o">944 F214b</subfield>
    <subfield code="p">000189</subfield>
    <subfield code="r">2014-05-26 00:00:00</subfield>
    <subfield code="w">2014-05-26</subfield>
    <subfield code="y">01</subfield>
  </datafield>
</record>
